000 00947nam a2200229Ia 4500
001 L760-48941
003 IT-CnALBA
008 170116s9999||||xx |||||||||||||| ||und||
040 _aIT-CnALBA
_cIT-CnALBA
041 _aITALIANO
100 _aBATTISTINI MARIA GIOVANNA
245 0 _aVIRGILIO VECCHIA. DESENZANO, GALLERIA CIVICA DI PALAZZO TODESCHINI. GIUGNO-AGOSTO 1994.
250 _a1a ed.
260 _aMILANO
_bMAZZOTTA GABRIELE, EDITORE
_c1994 [1° Ed.:1994 - Ed.Ling.Originale: 1994]
300 _a78 p.
500 _aPRESENTAZIONI, AMBROSI ANDREANA. DIPINTI. DISEGNI. NOTE BIOGRAFICHE. ELENCO OPERE. MOSTRE PRINCIPALI.
501 _aSocietà San Paolo EM - Piazza San Paolo, 14 - 12051 ALBA (CN) (non commercial uses only) ® Copyright 2017
520 _aPRESENTAZIONI, AMBROSI ANDREANA. DIPINTI. DISEGNI. NOTE BIOGRAFICHE. ELENCO OPERE. MOSTRE PRINCIPALI.
650 _aARTI GRAFICHE
942 _cBK
957 _71
999 _a55456
_bNO
_g Copie: 1
_c307849
_d307849